Vista normal
Vista MARC
Entrada Materia (personas)
Número de registros utilizados en: 3
001 - CONTROL NUMBER
- control field: 137754
003 - CONTROL NUMBER IDENTIFIER
- control field: Co-BoUCM
005 - DATE AND TIME OF LATEST TRANSACTION
- control field: 20211021073707.0
008 - FIXED-LENGTH DATA ELEMENTS
- fixed length control field: 211021|| aca||aabn | a|a d
040 ## - CATALOGING SOURCE
- Original cataloging agency: Co-BoUCM
- Transcribing agency: Co-BoUCM
100 ## - HEADING--PERSONAL NAME
- Personal name: Monsalve Solórzano, Alfonso
670 ## - SOURCE DATA FOUND
- Source citation: Work cat.: (Co-BoUCM)63558: Marín Cortés, Fabián G. 137753, Público y privado estudio sobre el estado de derecho, el estado constitucional, la globalización, la democracia, los derechos fundamentales y la nueva estructura de los poderes público y privado, 2008